000 00480nam a2200181Ia 4500
001 21274
005 20260306172907.0
008 260306t2013||||xx |||||||||||||| ||spa||
041 _aESP
082 _a344.522
_bD98
100 _aDurán Ponce de León, Humberto
_eAUT
245 0 _aSustracción de inocencias:
_bel abuso sexual de menores y la pedofilia
260 _c2013
300 _a72 páginas :
_c21 cm.
650 _aGEN
654 _aCDE
942 _cLIB
_dJUS
_fJUS
_2ddc
_n
999 _c21274
_d21274